Eurovision Trivia #1 - Statistics

General Stats
  • This quiz has been taken 13 times
  • The average score is 12 of 17
Answer Stats
Question Answer % Correct
After the 1969 contest, which country had hosted ESC the most? United Kingdom
100%
After the 1969 contest, which country had the most wins? France
91%
French
91%
German
91%
Italian
91%
Which two contests are there no full video footage for? 1956
82%
1964
82%
Name the four languages sung in at the 1956 contest? Dutch
82%
Which country had a string of 3 consecutive second-place finishes? United Kingdom
82%
Which country's performance featured the infamous 13-second kiss in 1957? Denmark
73%
Which country debuted in the 1965 contest? Ireland
64%
Netherlands
64%
Spain
64%
Belgium
55%
Which four countries scored the first ever 'nul-points' in 1962? Austria
45%
What does the Danish 1963 winning song 'Dansevise' translate to in English? Dance song
36%
Which date were the 1961 AND 1962 contests both held on? 18th March
9%
No matching quizzes found
Score Distribution
Percent of People with Each Score
Percentile by Number Answered
Your Score History
You have not taken this quiz